000 00755nam a2200217 i 4500
005 20220822125723.0
008 220822n my e 000 0 may d
020 _qpaperback
040 _aPPAK
_beng
_cPPAK
_erda
082 0 4 _223
_a959.5112
090 0 0 _a959.5112
_bMUH
_dKK
100 0 _aMuhammad Yusoff Hashim,
_eauthor.
245 1 0 _aPresejarahan Melayu :
_bPenelitian Mengenai Presejarahan Tradisional Kedah Sebelum 1930-an /
_c- Muhammad Yusoff Hashim
264 1 _aAlor Setar, Kedah :
_bPerbadanan Perpustakaan Awam Kedah ,
_c[date of publication not identified].
300 _avolume ;
_c30 cm.
336 _2rdacontent
_atext
337 _2rdamedia
_aunmediated
338 _2rdacarrier
_avolume
650 1 0 _aKedah
_xHistory
942 _2ddc
_cB
999 _c188786
_d188786